• 首页
  • 本馆介绍
  • 公告通知
  • 最新文献
  • 馆藏检索
  • 电子资源
  • 读者导购
  • 参考咨询
  • 我的图书馆
  • 登录
  • 详细信息显示
  • 放入我的书架
  • 预约/预借图书
  • 作者相关作品
  • 分类相关作品
  • 丛书相关作品
  • 出版社相关作品

书目信息

  • 表格格式
  • 工作单格式
  • 卡片格式
题名:
立体农业致富诀窍
    
 
作者: 陈梦林 编著
分册:  
出版信息: 南宁   广西科学技术出版社  1989.9
页数: 154页
开本: 19厘米
丛书名:
单 册:
中图分类: S39
科图分类:
主题词: 多种经营--科学技术
电子资源:
ISBN: 7-80565-151-5
000 00754nam0 2200241 450
001 0100287470
005 20020928000000.0
010    @a7-80565-151-5@dCNY2.10
011    @a7-80565-151-5
100    @a19910905d1989 m y0chiy0110 ea
101 0  @achi
102    @aCN@b450000
105    @ay z 000yy
106    @ar
200 1  @a立体农业致富诀窍@9Li Ti Nong Ye Zhi Fu Jue Qiao @f陈梦林等编著@b专著
210    @a南宁@c广西科学技术出版社@d1989.9
215    @a154页@d19厘米
330    @a本书内容包括:立体农业概述;立体农业的经营模式及全国各地应用立体农业模式增收致富的60个典型例子。
606 0  @a多种经营@x科学技术
690    @aS39@v1980
701  0 @a陈梦林@9chen meng lin@4编著
801  0 @aCN@bAiZhiMarc@c19910905
905    @aBZT@dS39@e5@f10@sS39/5
    
    立体农业致富诀窍/陈梦林等编著.-南宁:广西科学技术出版社,1989.9
    154页;19厘米
    
    
    ISBN 7-80565-151-5:CNY2.10
    本书内容包括:立体农业概述;立体农业的经营模式及全国各地应用立体农业模式增收致富的60个典型例子。
●
相关链接 在五车中查询图书 在当当中查询图书 在豆瓣中查询图书


正题名:立体农业致富诀窍     索取号:S39/5         预约/预借

序号 登录号 条形码 馆藏地/架位号 状态 备注
1 2000137260   2000137260   旧书回溯/ [索取号:S39/5] 在馆    
2 2000137261   2000137261   旧书回溯/ [索取号:S39/5] 在馆    
3 2000137262   2000137262   旧书回溯/ [索取号:S39/5] 在馆    
4 2000137263   2000137263   旧书回溯/ [索取号:S39/5] 在馆    
5 2000137264   2000137264   旧书回溯/ [索取号:S39/5] 在馆    
6 2000137265   2000137265   旧书回溯/ [索取号:S39/5] 在馆    
7 2000137266   2000137266   旧书回溯/ [索取号:S39/5] 在馆    
8 2000137267   2000137267   旧书回溯/ [索取号:S39/5] 在馆    
9 2000137268   2000137268   旧书回溯/ [索取号:S39/5] 在馆    
10 2000137269   2000137269   旧书回溯/ [索取号:S39/5] 在馆    
山东省滨州职业学院图书馆 欢迎您!
大连网信软件有限公司© 版权所有